Как не проиграть на финансовых рынках

Bibliographic Details
Main Author: Кравченко П. П. Павел Павлович
Language:Russian
Published: Москва, Дело и Сервис, 2000
Edition:2-е изд., перераб. и доп.
Subjects:
Format: Book
KOHA link:https://koha.lib.tpu.ru/cgi-bin/koha/opac-detail.pl?biblionumber=29331

MARC

LEADER 00000nam0a2200000 4500
001 29331
005 20231030203314.0
010 |a 5801800875 
035 |a (RuTPU)RU\TPU\book\29591 
035 |a BOOK00000050 
090 |a 29331 
100 |a 20011209d2000 km y0rusy50 ca 
101 0 |a rus 
102 |a RU 
105 |a a z 000zy 
200 1 |a Как не проиграть на финансовых рынках  |f П. П. Кравченко 
205 |a 2-е изд., перераб. и доп. 
210 |a Москва  |c Дело и Сервис  |d 2000 
215 |a 219 с.  |c ил. 
610 1 |a экономика 
610 1 |a финансы 
610 1 |a финансовые рынки 
610 1 |a Российская Федерация 
610 1 |a Россия 
610 1 |a ценные бумаги 
686 |a У9(2)262.29  |v LBC/SL-A  |2 rubbk 
700 1 |a Кравченко  |b П. П.  |g Павел Павлович 
801 0 |a RU  |b 63413507  |c 20011209  |g PSBO 
801 2 |a RU  |b 63413507  |c 20210316  |g PSBO 
942 |c BK